The Essential Teachings of Islam (Record no. 22811)

MARC details
000 -LEADER
fixed length control field 00559nam a22001457a 4500
082 ## - DEWEY DECIMAL CLASSIFICATION NUMBER
Classification number 297.09
Author Cutter BRO
100 ## - MAIN ENTRY--AUTHOR NAME
Author name Brown Kerry
245 ## - TITLE STATEMENT
Title The Essential Teachings of Islam
260 ## - PUBLICATION, DISTRIBUTION, ETC. (IMPRINT)
Place of publication London
Name of publisher Arrow Books
Year of publication 1990, ©1987.
300 ## - PHYSICAL DESCRIPTION
Number of Pages 235
520 ## - SUMMARY, ETC.
Summary, etc This text is concerned with the teachings of the Qur'an and the Hadith. Its purpose is to show how Islamic spiritual and religious precepts are relevant to all humanity and reflect Islam's place in world religion.
650 ## - SUBJECT ADDED ENTRY--TOPICAL TERM
Topical Term Hadith -- Criticism, interpretation, etc.
942 ## - ADDED ENTRY ELEMENTS (KOHA)
Koha item type Books
Holdings
Home library Current library Shelving location Date acquired Source of acquisition Full call number Accession Number Koha item type
Henry Martyn Institute Library Henry Martyn Institute Library General stacks 01/06/2020 Dilip Vasavani 297.09 BRO 11004114 Books
                   Copyright © 2026 | Henry Martyn Institute | Hyderabad | TS-500052 | INDIA | Implemented by hmi.edu.in
Hit-Count:

Powered by Koha